| 000 | 00527nam a2200181 i 4500 | ||
|---|---|---|---|
| 001 | 33822 | ||
| 003 | ES-MaACL | ||
| 005 | 20230906154828.0 | ||
| 007 | t| | ||
| 008 | 030203s1967 sp ||||1| spa d | ||
| 100 | 1 |
_aBlanchet, Louis. _929159 |
|
| 245 | 1 | 4 |
_aLas inquietudes de Juan Luis / _cLouis Blanchet ; [traducción de Julio Palli Bonet]. |
| 260 |
_aBarcelona : _bHerder, _c1967. |
||
| 300 |
_a247 p. ; _c18 cm. |
||
| 700 | 1 |
_aPalli Bonet, Julio. _9194785 |
|
| 852 |
_aES-MaACL _jC-33229 _bR.63986 |
||
| 999 |
_c33822 _d33822 |
||